000 00597 a2200217 4500
001 108033
020 _a9788532702500
041 _apor
090 _aPL 372 FAR
100 _aFarias, Andrea Giuletti.
250 _a. ed.
300 _a117 p.
490 _aEducação, subjetividade e psicanálise
697 _aBrincar - Educação.
697 _aPsicanálise.
830 _aEducação, subjetividade e psicanálise
040 _aBR-BrIDEA
_cBR-BrIDEA
245 1 0 _aO brincar na psicanálise e na educação
_c Andrea Giuletti Farias
260 _a[S.l.]
_bEdUFMT
_c2008
942 _cBK
999 _c108033
_d108033